Statystyki dla Wszyscy francuscy skoczkowie narciarscy w historii

Kliknij tutaj aby rozwiązać quiz!

Ogólne statystyki

  • Ten quiz został rozwiązany 13 razy
  • Średni wynik to 18 z 68

Statystyki odpowiedzi

Odpowiedź% Poprawnych
Emmanuel Chedal
100%
Vincent Descombes Sevoie
100%
Enzo Milesi
83%
Valentin Foubert
83%
Alessandro Batby
67%
Alexandre Mabboux
67%
David Lazzaroni
67%
Eric Lazzaroni
67%
Jonathan Learoyd
67%
Mathis Contamine
67%
Ronan Lamy Chappuis
67%
Jerome Gay
50%
Julien Gay
50%
Paul Brasme
50%
Thomas Roch Dupland
50%
Christian Remy
33%
Claude Jean-Prost
33%
Didier Mollard
33%
Florentin Durand
33%
Jack White
33%
Jules Chervet
33%
Lucas Chevalier-Girod
33%
Maxime Remy
33%
Nicolas Dessum
33%
Nicolas Jean-Prost
33%
Nicolas Mayer
33%
Pierre Emmanuel Robe
33%
Remi Santiago
33%
Andre Monnier
17%
Ari Repelin
17%
Bernard Moureaux
17%
David Viry
17%
Frederic Berger
17%
Gerard Colin
17%
Gilber Poirot
17%
Jean Monnier
17%
Julien Dorme
17%
Louis Albert
17%
Martial Payot
17%
Michel Saint Lezer
17%
Noelig Revilliod Blanchard
17%
Patrick Dubiez
17%
Philippe Jacoberger
17%
Regis Rey
17%
Richard Rabasa
17%
Sebastien Frenot
17%
Xavier Arpin
17%
Yvan Richard
17%
Alain Macle
0%
Arsene Lucchini
0%
Arthur Royer
0%
Gilbert Ravanel
0%
Gregory Renand
0%
Henri Thiolliere
0%
James Couttet
0%
Joseph Maffioli
0%
Julien Faivre Rampant
0%
Kleber Balmat
0%
Mael Begrand
0%
Maurice Arbez
0%
Maxime Belleville
0%
Regis Bajard
0%
Regis Charlet
0%
Ruddy Jardine
0%
Sebastien Cala
0%
Steve Delaup
0%
Tim Bernoud
0%
Yannick Revuz
0%

Rozkład punktacji

Percentyl według liczby udzielonych odpowiedzi

Procent ludzi z każdym wynikiem

Twoja historia wyników

Nie rozwiązałeś tego quizu